[Event "GBR-ch Soanes op 106th"]
[Site "Torquay"]
[Date "2019.07.28"]
[Round "5"]
[White "Wong, Cheuk Nam"]
[Black "Drennan, William"]
[Result "0-1"]
[WhiteElo "1588"]
[BlackElo "1692"]
[PlyCount "50"]
[EventDate "2019.07.26"]
[EventType "swiss"]
[EventRounds "5"]
[EventCountry "ENG"]
[SourceTitle "EXT 2021"]
[Source "ChessBase"]
[SourceDate "2020.10.23"]
[SourceVersion "1"]
[SourceVersionDate "2020.10.23"]
[SourceQuality "1"]

1. d4 Nf6 2. c4 e6 3. Nf3 Bb4+ 4. Bd2 Qe7 5. Qb3 Bxd2+ 6. Nbxd2 d5 7. c5 0-0 8. e3 Nc6 9. Bd3 e5 10. Nxe5 Nxe5 11. dxe5 Qxe5 12. 0-0 c6 13. Rfe1 Rb8 14. Qc2 Be6 15. e4 dxe4 16. Nxe4 Nxe4 17. Bxe4 Qh5 18. b4 a6 19. Rad1 Rfe8 20. Rd6 Bf5 21. Re3 Bxe4 22. Rxe4 Qf5 23. Rxe8+ Rxe8 24. Qd2 Qb1+ 25. Qd1 Re1+ 0-1

[Event "GBR-ch Soanes op 106th"]
[Site "Torquay"]
[Date "2019.07.27"]
[Round "3"]
[White "Drennan, William"]
[Black "McCormick, Graeme"]
[Result "1-0"]
[WhiteElo "1692"]
[BlackElo "1611"]
[PlyCount "57"]
[EventDate "2019.07.26"]
[EventType "swiss"]
[EventRounds "5"]
[EventCountry "ENG"]
[SourceTitle "EXT 2021"]
[Source "ChessBase"]
[SourceDate "2020.10.23"]
[SourceVersion "1"]
[SourceVersionDate "2020.10.23"]
[SourceQuality "1"]

1. e4 e6 2. d4 d5 3. Nd2 Nf6 4. e5 Nfd7 5. Bd3 c5 6. c3 Nc6 7. Ne2 cxd4 8. cxd4 f6 9. exf6 Qxf6 10. Nf3 Bd6 11. 0-0 0-0 12. Bg5 Qf7 13. a3 e5 14. dxe5 Ndxe5 15. Nxe5 Nxe5 16. Ng3 h6 17. Be3 Be6 18. Be2 Rad8 19. Bxa7 Nc6 20. Bd4 Qc7 21. Rc1 Qd7 22. Nh5 Ne5 23. f4 Ng4 24. Nxg7 Bxf4 25. Nxe6 Bxh2+ 26. Kh1 Rxf1+ 27. Qxf1 Qxe6 28. Bxg4 Qxg4 29. Qf6 1-0